| 000 | 00477nam a2200145Ia 4500 | ||
|---|---|---|---|
| 008 | 220216s9999 xx 000 0 und d | ||
| 100 | _aOnouchi Y | ||
| 245 | 0 | _aPreparation and physical properties of polyurethane elastomers containing mesogenic moieties | |
| 260 | _bProceedings of the International Rubber Conference, Kobe, Japan, 1995; p295-298 | ||
| 650 | _aPolyurethane elastomers | ||
| 700 | _aFurukawa J | ||
| 700 | _aInagaki S | ||
| 700 | _aOkamoto H | ||
| 942 | _cJS | ||
| 999 |
_c65552 _d65552 |
||